1596 1172 1950 1691 1563 1054 1499 1327 1293 1344 1021 1271 1100 1573 1702 1739 1752 1169 1617 1631 1931 1159 1985 1052 1855 1548 1037 1874 1989 1665 1956 1988 1314 1408 1016 1111 1725 1377 1757 1988 1828 1487 1354 1003 1808 1032 1072 1470 1176 1317 1918 1139 1699 1352 1948 1065 1875 1640 1913 1572 1312 1484 1624 1771 1832 1992 1516 1393 1649 1669 1085 1372 1286 1189 1656 1921 1365 1352 1357 1789 1210 1939 1913 1941 1076 1159 1343 1122 1543 1830 1072 1166 1153 1427 1641 1700 1998 1577 1970 BCNSPRNW ULIB Ver.6.0+V

เปลี่ยนเป็นภาษาไทย

Change to English
 แสดงรายละเอียดบรรณานุกรม
  กลับหน้าหลัก

Brief Record : Get Marc (ISO 2709) : E-mail record : QR code < ปิดหน้าต่าง
LEADER : 00000nam 2200000uu 4500
001    13399127854
003     ULIB
008    211018s2563||||th 000 0 tha d
020    ^a9786160450435
060 04 ^aWS103^bท56ร
100 0  ^aเทพกัญญา พรหมขัติแก้ว.
245 10 ^aเรียนรู้แบบสืบเสาะสำหรับเด็กปฐมวัย /^cเทพกัญญา พรหมขัติแก้ว.
250    ^aพิมพ์ครั้งที่ 1
260    ^aกรุงเทพฯ :^bนานมีบุ๊คส์,^c2563.
300    ^a140 หน้า ;^c26 ซม.
504    ^aบรรณานุกรม : หน้า135-136
505 2  ^aสารบัญ : รู้จักการสืบเสาะ -- วิธีส่งเสริมให้เด็กสืบเสาะ -- การส่งเสริมให้เด็กปฐมวัยรู้จักสืบเสาะอย่างเป็นระบบ -- การสืบเสาะในชั้นเรียนปฐมวัย
520 2  ^aสาระสังเขป : ปูพื้นฐานความรู้ความเข้าใจเรื่อง "การสืบเสาะ" ทั้งในแง่ของความหมายระดับของการสืบเสาะในแบบต่าง ๆ เพื่อให้คุณครูระดับปฐมวัยเข้าใจกระบวนการ เรียนรู้ด้วยวิธีการนี้และนำไปใช้ได้อย่างเหมาะสม อธิบายเรื่องธรรมชาติการเรียนรู้ ของเด็กปฐมวัยและความสำคัญของการสืบเสาะต่อการส่งเสริมพัฒนาการในด้าน ต่าง ๆ ของเด็ก แนะนำวิธีการกระตุ้นให้เด็กสืบเสาะหาความรู้ด้วยตัวเองอย่างเป็นระบบ พร้อมแนวทางและตัวอย่างการจัดประสบการณ์การเรียนรู้เพื่อส่งเสริมการสืบเสาะในชั้นเรียนปฐมวัย
650 07 ^aการศึกษาปฐมวัย.
650 07 ^aการเรียนแบบสืบเสาะหาความรู้.
945    ^p185^l0^i008354
945    ^p185^l0^i008355
945    ^p185^l0^i008356
945    ^p185^l0^i008357
945    ^p185^l0^i008358
999    ^aประนอม เกษจรัล
รายการนี้ยังไม่มีแท็ก
คุณยังไม่ได้ล็อกอิน คุณสามารถมีกิจกรรมร่วมกับเว็บไซต์ได้ แต่ต้องล็อกอินก่อน ::
  ล็อกอิน

รายการสื่อสารสนเทศ

ลำดับที่ ประเภท เลขเรียก/บาร์โค้ด สถานที่ สถานะ
1. วิทยาศาสตร์การแพทย์ และสุขภาพ
หนังสือสำรอง
สถานะ=หนังสือสำรอง
WS103 ท56ร ฉ.1 
  Barcode: 008354
ห้องสมุดวิทยาเขตสวรรค์ประชารักษ์
►หนังสือทั่วไป
บนชั้น
2. วิทยาศาสตร์การแพทย์ และสุขภาพ
วิทยาศาสตร์การแพทย์ และสุขภาพ
WS103 ท56ร ฉ.2 
  Barcode: 008355
ห้องสมุดวิทยาเขตสวรรค์ประชารักษ์
►หนังสือทั่วไป
บนชั้น
3. วิทยาศาสตร์การแพทย์ และสุขภาพ
วิทยาศาสตร์การแพทย์ และสุขภาพ
WS103 ท56ร ฉ.3 
  Barcode: 008356
ห้องสมุดวิทยาเขตสวรรค์ประชารักษ์
►หนังสือทั่วไป
บนชั้น
4. วิทยาศาสตร์การแพทย์ และสุขภาพ
วิทยาศาสตร์การแพทย์ และสุขภาพ
WS103 ท56ร ฉ.4 
  Barcode: 008357
ห้องสมุดวิทยาเขตสวรรค์ประชารักษ์
►หนังสือทั่วไป
บนชั้น
5. วิทยาศาสตร์การแพทย์ และสุขภาพ
วิทยาศาสตร์การแพทย์ และสุขภาพ
WS103 ท56ร ฉ.5 
  Barcode: 008358
ห้องสมุดวิทยาเขตสวรรค์ประชารักษ์
►หนังสือทั่วไป
บนชั้น

รายการใกล้เคียง
    ผู้แต่ง [เทพกัญญา พรหมขัติแก้ว.]

    หัวเรื่อง [การศึกษาปฐมวัย.]
    หัวเรื่อง [การเรียนแบบสืบเสาะหาความรู้.]

BibComment


ยังไม่เคยถูกคอมเมนท์

คอมเมนท์ทรัพยากรรายการนี้
  คอมเมนท์: เรียนรู้แบบสืบเส..


 Copyright 2026. Bcnsprnw @Library